000 00539nam a2200193Ia 4500
003 GCL
008 140319s9999 xx 000 0 ara d
040 _aGCL /
_cGCL
082 0 4 _a843
_bب ق
100 1 _aبورى، جان لويس
245 1 0 _aقريتى فى ظل الالمان /
_cبورى، جان لويس
700 1 _aليلى القيسى
300 _a463 ص
490 _a
650 0 4 _aالادب
650 0 4 _aالقصص الفرنسية
650 0 4 _aالقصص الفرنسية المترجمة
942 _2ddc
_cBK
999 _c38383
_d38383